000
00225 a2200097 4500
001
77084
090
_c
39303
_d
39303
100
_a
Langsam, Yedidyah
245
_a
Data structures Using C and C++
260
_a
N Delhi
_b
Prentice Hall
_c
1996
942
_a
NUST-CAE
999
_c
312157
_d
312157